00277nam a2200097Ia 4500008004100000082002000041100001400061245005200075260004300127300000900170210430s9999 xx 000 0 und d a671.734 T3741 H aJ.R.Davis aHandbook of Thermal Spray TechnologycJ.R.Davis aAmericabTSS Asm Thermal Societyc2004 a338p